00660nam a2200193 i 450000100060000000300090000600500170001500700030003200800410003502000180007608000160009410000380011024500810014826000970022930000220032665100230034871000740037185200210044537266ES-MaACL20230906155533.0t|030220s1983 sp ||||1| spa d a84-300-9002-9 a946.212"09"1 aBueno Domínguez, María Luisa.10aHistoria de Zamora : bZamora en el siglo X / cMª Luisa Bueno Domínguez. aZamora : bFundación "Ramós de Castro" para el Estudio y Promoción del Hombre, c1983. a181 p. ; c23 cm. 4aZamora-xHistoria.2 aFundación Ramos de Castro para el Estudio y Promoción del Hombre.4 aES-MaACLjL-5663